Central Library OPAC University of Rajshahi

Medical and veterinary entomology / (Record no. 37430)

MARC details
000 -LEADER
fixed length control field 01125cam a2200325 a 4500
001 - CONTROL NUMBER
control field 37430
003 - CONTROL NUMBER IDENTIFIER
rucl marc code BD-RjUL
005 - DATE AND TIME OF LATEST TRANSACTION
control field 20211209052617.0
008 - FIXED-LENGTH DATA ELEMENTS--GENERAL INFORMATION
fixed length control field 150114s1995 enka b 001 0 eng
020 ## - INTERNATIONAL STANDARD BOOK NUMBER
International Standard Book Number 0851989691
International Standard Book Number 0851989683
035 ## - SYSTEM CONTROL NUMBER
System control number (BD-RjUL)37534
040 ## - CATALOGING SOURCE
Original cataloging agency DLC
Transcribing agency DLC
Modifying agency DLC
Language of cataloging eng
041 ## - LANGUAGE CODE
Language code of text/sound track or separate title eng
082 00 - DEWEY DECIMAL CLASSIFICATION NUMBER
Classification number 614.432
Edition number 21
Author mark and year KEM 1995
100 1# - MAIN ENTRY--PERSONAL NAME
Personal name Kettle, D. S.
Fuller form of name (Douglas Stewart)
9 (RLIN) 114904
245 10 - TITLE STATEMENT
Title Medical and veterinary entomology /
Statement of responsibility, etc. edited by D.S. Kettle.
250 ## - EDITION STATEMENT
Edition statement 2nd ed.
260 ## - PUBLICATION, DISTRIBUTION, ETC. (IMPRINT)
Place of publication, distribution, etc. Wallingford, Oxon, UK :
Name of publisher, distributor, etc. CAB International,
Date of publication, distribution, etc. c1995.
300 ## - PHYSICAL DESCRIPTION
Pagination viii, 725 p. :
Illustrations ill. ;
Size 25 cm.
504 ## - BIBLIOGRAPHY, ETC. NOTE
Bibliography, etc Includes bibliographical references and index.
650 #0 - SUBJECT ADDED ENTRY--TOPICAL TERM
Topical term or geographic name as entry element Arthropod vectors.
9 (RLIN) 114905
Topical term or geographic name as entry element Veterinary entomology.
9 (RLIN) 114906
Topical term or geographic name as entry element Insects as carriers of disease.
9 (RLIN) 114907
856 42 - ELECTRONIC LOCATION AND ACCESS
Materials specified Publisher description
Uniform Resource Identifier <a href="http://www.loc.gov/catdir/enhancements/fy0636/96182455-d.html">http://www.loc.gov/catdir/enhancements/fy0636/96182455-d.html</a>
Materials specified Table of contents only
Uniform Resource Identifier <a href="http://www.loc.gov/catdir/enhancements/fy0639/96182455-t.html">http://www.loc.gov/catdir/enhancements/fy0639/96182455-t.html</a>
942 ## - ADDED ENTRY ELEMENTS (KOHA)
Source of classification or shelving scheme Dewey Decimal Classification
Koha item type Books
Holdings
Lost status Source of classification or shelving scheme Damaged status Not for loan Collection code Permanent Location Current Location Shelving location Date acquired Cost, normal purchase price Total Checkouts Full call number Date last seen Copy number Koha item type
  Dewey Decimal Classification   Not For Loan Non-fiction Institute of Biological Sciences (IBSc) Library Institute of Biological Sciences (IBSc) Library   14/01/2015 7125.00   614.432 KEM 1995 14/01/2015 C-1 Books
  Dewey Decimal Classification   Not For Loan Non-fiction Institute of Biological Sciences (IBSc) Library Institute of Biological Sciences (IBSc) Library   19/01/2015 36457.00   614.432 KEM 1995 19/01/2015 C-1 Books